Colloque Franco-Hellenique de demographie : 18-21 mai 1987, a l' Institut Francais d' Athenes sous l' egide du Ministere de la Culture de la Grece.

Αποθηκεύτηκε σε:
Λεπτομέρειες βιβλιογραφικής εγγραφής
Συλλογικό Έργο: Ελληνογαλλικό Συνέδριο Δημογραφίας Αθήνα, Ελληνική Εταιρεία Δημογραφικών Μελετών, Institut national d'etudes demographiques (France)
Μορφή: Πρακτικό Συνεδρίου Βιβλίο
Γλώσσα:Greek
French
Δημοσίευση: Athenes : Institut National d'Etudes Demographiques : Association Hellenique d'Etudes Demographiques, 1990.
Θέματα:
Ετικέτες: Προσθήκη ετικέτας
Δεν υπάρχουν, Καταχωρήστε ετικέτα πρώτοι!

MARC

LEADER 00000cam a2200000 i 4500
001 1/17974
008 010307s1990 gr | ||| |||| ||gre||
035 |l 10066327 
040 |a GR-MyUa  |b gre  |e AACR2 
041 0 |a fre  |a gre 
082 7 |a 304.609495   |2 (21)  
111 2 |a Ελληνογαλλικό Συνέδριο Δημογραφίας   |d (1987 :   |c Αθήνα) 
245 1 0 |a Colloque Franco-Hellenique de demographie :   |b 18-21 mai 1987, a l' Institut Francais d' Athenes sous l' egide du Ministere de la Culture de la Grece.  
246 1 |i Άλλες παραλλαγές του τίτλου:   |a Actes du Colloque Franco-Hellenique de Demographie 
260 |a Athenes :   |b Institut National d'Etudes Demographiques :   |b Association Hellenique d'Etudes Demographiques,   |c 1990.  
300 |a 424 σ. ;   |c εικ.  
500 |a Άνω του τίτλου: Institut National d' etudes demographiques, Association Hellenique d' etudes demographiques.  
500 |a "A l'Institut Francais d' Athenes sous l' egide du Ministre de la Culture de la Grece" -- σ.τ. 
504 |a Περιλαμβάνει βιβλιογραφίες.  
650 0 |a Demography  |z Greece  |v Congresses. 
650 0 |a Demographic surveys  |z Greece  |v Congresses. 
650 0 |a Demography  |z France  |v Congresses. 
650 0 |a Demographic surveys  |z France  |v Congresses. 
710 2 |a Ελληνική Εταιρεία Δημογραφικών Μελετών. 
710 2 |a Institut national d'etudes demographiques (France) 
852 |a INST  |b LESVOS  |e 20010307  |h 304.609495 ΕΛΛ  |p 005100029107  |q 005100029107  |t BK  |y 0 
852 |a INST  |b SYROS  |e 20011017  |h 304.609495 ΕΛΛ  |p 005500000797  |q 005500000797  |t BK  |y 0 
901 |a BIBL5-2001-3 
901 |a BIBL1-2001-1 
970 |a Τζαφέρη  |b Ευαγγελία  |z 07/03/2001